[Event "Karlovy Vary op"]
[Site "Karlovy Vary"]
[Date "2011.05.03"]
[Round "8"]
[White "Hataj, Tomas"]
[Black "Benes, Jan"]
[Result "1/2-1/2"]
[WhiteElo "1627"]
[BlackElo "1890"]
[PlyCount "100"]
[EventDate "2011.04.28"]
[EventType "swiss"]
[EventRounds "8"]
[EventCountry "CZE"]
[SourceTitle "CBM 142 Extra"]
[Source "ChessBase"]
[SourceDate "2011.06.27"]
[SourceVersion "1"]
[SourceVersionDate "2011.06.27"]
[SourceQuality "1"]

1. e4 g6 2. d4 Bg7 3. Nc3 c6 4. f4 d6 5. Nf3 Bg4 6. Be3 Nf6 7. Bd3 Qa5 8. h3 Bxf3 9. Qxf3 Na6 10. a3 Nb4 11. 0-0-0 Nxd3+ 12. Rxd3 0-0-0 13. d5 c5 14. e5 Nd7 15. exd6 exd6 16. Ne4 Nf6 17. Bd2 Qc7 18. Bc3 Ne8 19. Re1 Bxc3 20. Rxc3 h6 21. Rce3 f5 22. Nc3 Qa5 23. Re7 b5 24. Qe2 Nc7 25. Rxc7+ Qxc7 26. Nxb5 Qb6 27. Qe6+ Kb8 28. Nxa7 Qxa7 29. Qxg6 Qd7 30. Re6 Rhe8 31. Qxf5 Rxe6 32. dxe6 Qe7 33. Qd5 Rf8 34. f5 Kc7 35. g4 h5 36. Qd1 hxg4 37. hxg4 Rg8 38. Qe2 Qg5+ 39. Kb1 Qxg4 40. Qb5 Qd1+ 41. Ka2 Qd5+ 42. c4 Qe5 43. Qd7+ Kb8 44. e7 Rc8 45. f6 Qf4 46. Qb5+ Kc7 47. e8Q Rxe8 48. Qxe8 Qxc4+ 49. Kb1 Qf1+ 50. Kc2 Qxf6 1/2-1/2

[Event "Karlovy Vary op"]
[Site "Karlovy Vary"]
[Date "2011.04.30"]
[Round "3"]
[White "Benes, Jan"]
[Black "Janousek, Ladislav"]
[Result "0-1"]
[WhiteElo "1890"]
[BlackElo "1696"]
[PlyCount "142"]
[EventDate "2011.04.28"]
[EventType "swiss"]
[EventRounds "8"]
[EventCountry "CZE"]
[SourceTitle "CBM 142 Extra"]
[Source "ChessBase"]
[SourceDate "2011.06.27"]
[SourceVersion "1"]
[SourceVersionDate "2011.06.27"]
[SourceQuality "1"]

1. g3 g6 2. Bg2 Bg7 3. c3 d6 4. d3 Nf6 5. Nf3 c5 6. 0-0 0-0 7. Nbd2 Nc6 8. Re1 Bd7 9. e4 Ne8 10. Nf1 Rb8 11. Ne3 b5 12. h4 Be6 13. Ng5 Qc8 14. Nd5 Nf6 15. Nf4 b4 16. Ngxe6 fxe6 17. Bh3 Nd8 18. c4 Ne8 19. Rb1 Be5 20. Be3 Bxf4 21. Bxf4 Ng7 22. Bh6 Rf6 23. Bg5 Rf7 24. Qa4 Nc6 25. f4 Qc7 26. Bh6 Nd4 27. Qd1 e5 28. Bxg7 Kxg7 29. f5 Rbf8 30. Rf1 gxf5 31. exf5 Kh8 32. g4 Qb7 33. Bg2 Qa6 34. Qd2 Rg7 35. g5 Qc8 36. Be4 Nxf5 37. Qf2 e6 38. Bxf5 exf5 39. Qf3 Qe6 40. b3 f4 41. Rb2 Kg8 42. Rg2 Kf7 43. h5 Ke7 44. h6 Rg6 45. Qb7+ Qd7 46. Qf3 Rfg8 47. Qe4 Rb8 48. Rxf4 Kd8 49. Qd5 exf4 50. d4 Qe6 51. Qc6 cxd4 52. Qa6 Qe3+ 53. Kh2 d3 54. Qa5+ Qb6 55. Qf5 Qe3 56. Qf8+ Kc7 57. Qf7+ Kc6 58. Qd5+ Kd7 59. c5 Qxc5 60. Qf7+ Kc6 61. Qxh7 Rbg8 62. Qe7 f3 63. h7 Qe5+ 64. Qxe5 dxe5 65. hxg8Q Rxg8 66. Rd2 e4 67. Kg3 Rxg5+ 68. Kf4 Rg2 69. Rd1 Kd5 70. Rc1 f2 71. Ke3 Rg1 0-1